La sentencia de la Corte Suprema de la India en el caso Novartis (Registro nro. 22043)

Detalles MARC
000 -LEADER
fixed length control field 00394 a2200109 4500
001 - CONTROL NUMBER
control field ART_28224
005 - DATE AND TIME OF LATEST TRANSACTION
control field 20260410161818.0
008 - FIXED-LENGTH DATA ELEMENTS--GENERAL INFORMATION
fixed length control field 260409a
100 1# - MAIN ENTRY--PERSONAL NAME
Personal name Correa, Carlos María
245 10 - TITLE STATEMENT
Title La sentencia de la Corte Suprema de la India en el caso Novartis
773 0# - HOST ITEM ENTRY
Title Revista Juridica de Buenos Aires
Related parts Tendencias actuales en propiedad intelectual (ene. 2013)
Record control number REV4315

No hay ítems disponibles.